[Event "Asian Zonal 3.3 2019"]
[Site "Ulaanbaatar"]
[Date "2019.04.12"]
[Round "6.10"]
[White "Itgelt, Khuyagtsogt"]
[Black "Gundavaa, Bayarsaikhan"]
[Result "1/2-1/2"]
[WhiteElo "2056"]
[BlackElo "2481"]
[Annotator "TA"]
[PlyCount "103"]
[EventDate "2019.04.07"]
[EventType "swiss"]
[EventRounds "9"]
[EventCountry "MGL"]
[SourceTitle "playchess.com"]
[Source "ChessBase"]
[SourceQuality "1"]

{[%evp 15,103,18,45,20,19,14,27,18,25,13,26,13,46,48,56,38,56,38,46,33,69,45,68,69,68,54,57,74,73,69,114,71,90,93,94,97,104,104,111,112,110,106,110,110,107,37,110,108,174,174,174,174,163,87,89,98,85,75,76,75,75,71,77,77,79,72,89,0,65,0,85,62,66,64,62,64,64,64,57,54,72,73,68,21,21,0,0,0,8,8]} 1. d4 Nf6 2. c4 g6 3. g3 Bg7 4. Bg2 O-O 5. Nc3 d6 6. Nf3 c6 7. O-O Bf5 8. Ne1 Be6 9. b3 {E62: King's Indian: Fianchetto: 6...c6 and Panno Variation (6...Nc6) without ...a6} d5 10. cxd5 Nxd5 11. Bb2 {White has an edge.} Nxc3 12. Bxc3 Qb6 $146 ({Predecessor:} 12... Qc8 13. Rc1 Bh3 14. d5 Bxc3 15. Rxc3 Rd8 16. e4 Qg4 {½-½ (24) Swinkels,R (2485)-L'Ami,E (2627) Netherlands 2012}) 13. e3 Nd7 14. Nd3 Rfd8 15. Nf4 Nf8 16. Qe2 a5 17. Rfd1 Bc8 18. Rac1 {[%cal Ba1c1,Bc1c3,Bc3d3,Bd3d4,Bd4d7][%mdl 32]} Ne6 19. d5 Nxf4 20. exf4 {Bxg7 is the strong threat.} Bxc3 21. Rxc3 {[%cal Rd5c6]} Qb4 22. Rcd3 cxd5 23. Bxd5 Re8 24. Rd4 Qb6 25. Qc4 Be6 26. Bxe6 Qxe6 27. Qxe6 fxe6 $16 {[%mdl 4096] Endgame KRR-KRR} 28. Rd7 b5 29. Rb7 b4 30. Rdd7 (30. Re1 $16) 30... Kf7 (30... Rad8 $14) 31. Ra7 h5 (31... a4 $16) 32. Rxe7+ $18 {[%mdl 64] Deflection} Rxe7 33. Rxa8 {KR-KR} e5 {[#]} 34. f5 ({Don't take} 34. Rxa5 $6 exf4 35. gxf4 Re4 $16) (34. Kg2 $1 $18) 34... gxf5 $16 35. Rxa5 Kf6 36. Rb5 Ra7 37. Rb6+ Kg7 38. Rxb4 Rxa2 39. Rb5 Kf6 40. Rb6+ Kg7 41. Rb5 Kf6 42. Rb6+ Kg7 $1 43. h4 e4 44. Kf1 Rb2 45. Ke1 e3 46. fxe3 {Hoping for Kf1.} Rg2 47. Rb4 Rxg3 48. Kf2 Rh3 49. Rf4 Kf6 {The position is equal.} 50. e4 Ke5 51. Rxf5+ {[%mdl 64] [#] Double Attack} Kxe4 52. Rb5 {Accuracy: White = 54%, Black = 69%.} 1/2-1/2

[Event "Asian Zonal 3.3 2019"]
[Site "Ulaanbaatar"]
[Date "2019.04.12"]
[Round "6.11"]
[White "Lkhagvasuren, Tsedvee"]
[Black "Amartuvshin, Ganzorig"]
[Result "1/2-1/2"]
[WhiteElo "2336"]
[BlackElo "2373"]
[Annotator "TA"]
[PlyCount "91"]
[EventDate "2019.04.07"]
[EventType "swiss"]
[EventRounds "9"]
[EventCountry "MGL"]
[SourceTitle "playchess.com"]
[Source "ChessBase"]
[SourceQuality "1"]

{[%evp 25,91,0,14,0,21,16,39,35,39,16,16,10,40,37,56,29,45,47,52,53,50,59,51,0,0,10,5,0,0,0,0,-5,-5,-5,-5,-5,0,0,0,-11,-8,-14,0,0,0,0,0,0,0,0,0,0,0,0,0,0,0,0,0,0,0,0,0,0,0,0,37,8]} 1. c4 Nf6 2. Nc3 c5 3. g3 e6 4. Nf3 b6 5. Bg2 Bb7 6. O-O a6 7. b3 Be7 8. Bb2 O-O 9. d4 cxd4 10. Nxd4 Bxg2 11. Kxg2 Qc8 12. e3 Nc6 13. Nxc6 Qxc6+ 14. Qf3 {A30: Symmetrical English: Double Fianchetto and Hedgehog} Rac8 15. Rfd1 d6 16. Rac1 $146 ({Predecessor:} 16. Rd3 Nd7 17. Qxc6 Rxc6 18. Rad1 {½-½ (18) Shetty,A (2413)-Sachdev,T (2431) Saint Louis 2016}) 16... Nd7 17. Ne2 Qxf3+ 18. Kxf3 Ne5+ 19. Kg2 h6 20. h3 Rfd8 21. f4 Nc6 22. Kf3 b5 23. cxb5 axb5 24. Nd4 Nxd4+ 25. Bxd4 b4 26. Ke2 d5 27. Kd2 f6 28. Rxc8 (28. Kd3 {keeps more tension.} Kf8 29. g4 Bd6 30. Bb6 Re8 31. f5) 28... Rxc8 29. Rc1 Rxc1 30. Kxc1 $11 {[%mdl 4096] Endgame KB-KB} Kf7 31. Kd2 Bd6 32. Ke2 g5 33. Kf3 Kg6 34. e4 dxe4+ 35. Kxe4 h5 36. fxg5 Kxg5 37. Be3+ Kg6 38. g4 f5+ 39. gxf5+ exf5+ 40. Kf3 Kf6 41. Bd4+ Ke6 42. Bg7 Kd5 43. Bf6 Ke6 44. Bg7 Be5 45. Bf8 Bc3 (45... Bd6 $5 {[%cal Rd6f8]} 46. Bh6 Kd5 $11) 46. a3 {Accuracy: White = 56%, Black = 64%.} 1/2-1/2

[Event "Asian Zonal 3.3 2019"]
[Site "Ulaanbaatar"]
[Date "2019.04.12"]
[Round "6.12"]
[White "Baasansuren, Erdene"]
[Black "Nguyen, Duc Hoa"]
[Result "0-1"]
[WhiteElo "2199"]
[BlackElo "2433"]
[Annotator "TA"]
[PlyCount "72"]
[EventDate "2019.04.07"]
[EventType "swiss"]
[EventRounds "9"]
[EventCountry "MGL"]
[SourceTitle "playchess.com"]
[Source "ChessBase"]
[SourceQuality "1"]

{[%evp 19,72,0,26,7,22,5,20,20,24,0,0,0,0,0,0,0,0,-27,-26,-27,-27,-27,-27,-26,-39,-54,-24,-14,-10,-14,0,-7,-8,-44,-54,-50,-65,-340,-340,-377,-367,-364,-359,-377,-345,-470,-344,-562,-333,-470,-455,-29989,-29990,-29990,-29990]} 1. c4 e6 2. Nf3 d5 3. b3 c5 4. e3 Nc6 5. cxd5 exd5 6. Bb2 Nf6 7. Bb5 Bd6 8. O-O O-O 9. d4 cxd4 10. Nxd4 Bd7 11. Nd2 {[%cal Bb1d2,Bd2c4,Bc4b2][%mdl 32] A13: English Opening: 1...e6} Qe7 12. Bd3 Ne4 $146 ({Predecessor:} 12... Ba3 13. Qc1 Bxb2 14. Qxb2 Rfc8 15. N2f3 Nxd4 16. Nxd4 Qe5 17. h3 Rc7 18. Rad1 Rac8 {1-0 (38) Hou,Y (2670)-Naiditsch,Y (2442) Douglas 2017}) 13. Nxc6 {The position is equal.} Bxc6 14. Bxe4 dxe4 15. Nc4 Bc5 16. Qh5 Rfd8 17. Rfd1 f6 18. Rac1 Rd3 19. Bc3 Rad8 {[%cal Ba8d8,Bd8d5,Bd5g5][%mdl 32]} 20. Nb2 R8d5 21. Qe2 Qd7 22. b4 Bb6 23. Be1 ({But not} 23. Nxd3 exd3 24. Qf3 d2 $19) 23... h5 24. Nxd3 exd3 25. Qd2 Rg5 $36 {[%mdl 2048] Black is pushing.} 26. Rxc6 Qxc6 {[%csl Gg5][%cal Rc6g2]} 27. g3 Rd5 28. Qc3 $2 {[%mdl 8192] [#]} (28. h4 $15) 28... d2 $1 $19 {[%mdl 512]} 29. Qb3 (29. Rxd2 Qxc3) 29... dxe1=Q+ 30. Rxe1 Kf8 31. a4 a6 32. Qb1 Rd2 33. Qf5 $2 (33. b5 axb5 34. Rc1) 33... Qd5 34. Qc8+ (34. Qxd5 {was worth a try.} Rxd5 35. Rc1) 34... Kf7 {...Bxe3! is the strong threat.} 35. a5 {[#]} (35. Qh3 $19) 35... Bxe3 $1 {[%mdl 512]} 36. Qc7+ (36. Rxe3 Rd1+) 36... Kg6 {Accuracy: White = 49%, Black = 67%.} 0-1

[Event "Asian Zonal 3.3 2019"]
[Site "Ulaanbaatar"]
[Date "2019.04.12"]
[Round "6.13"]
[White "Priasmoro, Novendra"]
[Black "Galmandakh, Badrakh"]
[Result "1-0"]
[WhiteElo "2479"]
[BlackElo "2222"]
[Annotator "TA"]
[PlyCount "75"]
[EventDate "2019.04.07"]
[EventType "swiss"]
[EventRounds "9"]
[EventCountry "MGL"]
[SourceTitle "playchess.com"]
[Source "ChessBase"]
[SourceQuality "1"]

{[%evp 9,75,0,19,7,46,5,41,2,53,22,12,9,13,10,14,-12,0,0,0,0,0,-2,-12,-55,0,0,0,-15,-12,-16,0,-16,0,0,-16,-14,0,0,0,0,14,0,0,0,84,63,171,164,162,139,195,0,198,208,198,202,181,181,248,260,249,261,310,286,331,324,346,344]} 1. Nf3 d6 2. g3 g6 3. Bg2 Bg7 4. O-O Nc6 5. c4 f5 6. Nc3 {A04: Unusual lines after 1 Nf3 and King's Indian Attack} Nf6 7. Rb1 a5 8. a3 {White is slightly better.} Nh5 $146 (8... e5 $11) ({Predecessor:} 8... e5 9. d3 O-O 10. b4 axb4 11. axb4 h6 12. b5 Ne7 13. c5 Be6 14. b6 dxc5 15. bxc7 Qxc7 16. Nb5 Qd8 17. Nxe5 Ba2 18. Ra1 Nfd5 19. Ba3 Ra5 20. Rxa2 Rxb5 21. d4 Nc3 {0-1 (40) Yanayt,E (2303)-Nakamura,H (2707) Las Vegas 2006}) 9. b4 axb4 10. axb4 e5 11. Nd5 Ne7 12. d3 Nxd5 13. cxd5 f4 14. Bb2 O-O 15. Qc2 Bg4 16. Rfc1 Rf7 ({Black should play} 16... Bh6 $15) 17. Ra1 $11 Rb8 18. Ra3 Bh6 19. Rca1 Qc8 20. Bc1 Bh3 21. Bxh3 Qxh3 22. Ra8 Rxa8 23. Rxa8+ Kg7 24. Rb8 fxg3 (24... g5 $5 {[%cal Rg5g4]} 25. Rxb7 fxg3 26. hxg3 Nxg3 27. fxg3 Qxg3+ 28. Kh1 Qh3+ 29. Kg1 Qg3+ 30. Kh1 Qh3+ 31. Kg1 Qg3+ $11) 25. Bxh6+ Kxh6 26. fxg3 (26. hxg3 Nf4 $1 $17 {[%mdl 512]}) 26... Nxg3 (26... Qg4 $1 $11 {keeps the balance.}) 27. Qc1+ $16 Rf4 ({Better is} 27... Kg7 $14 28. hxg3 Qxg3+ 29. Kf1 (29. Kh1 Rxf3 30. exf3 Qxf3+ 31. Kg1 Qg3+ 32. Kh1 Qf3+ 33. Kh2 Qf2+ 34. Kh3 Qf3+ 35. Kh4 Qf2+ 36. Kg4 Qg2+ 37. Kh4 Qh2+ 38. Kg4 Qg2+ 39. Kh4 Qh2+ 40. Kg4 Qg2+ $11) 29... b6) 28. hxg3 $18 Qxg3+ {[#]} 29. Kf1 $1 ({And not} 29. Kh1 g5 $11) 29... g5 (29... Qh3+ $16 {might work better.} 30. Ke1 Qh1+ 31. Kd2 Qxc1+ 32. Kxc1 Rxb4) 30. Rg8 $2 ({Stronger than} 30. Qxc7 e4 $11) ({White must play} 30. Rxb7 $18 Qh3+ 31. Kf2 Qh4+ 32. Ke3 Re4+ 33. Kd2 Qf4+ 34. Kd1 Qxc1+ 35. Kxc1 Rxe2 36. Kd1 (36. Rxc7 g4 $16)) 30... Qh3+ $2 (30... Kh5 $11) 31. Ke1 Qh1+ 32. Kd2 Qxc1+ 33. Kxc1 {KRN-KR} g4 (33... e4 $142) 34. Nh2 Kh5 {[#] White should prevent ...Kh4.} 35. e3 $1 {[%cal Re3f4]} Rxb4 {White has a decisive advantage.} 36. e4 c6 37. Nxg4 cxd5 38. Nf6+ {[%mdl 64] Double Attack. Accuracy: White = 59%, Black = 26%.} 1-0

[Event "Asian Zonal 3.3 2019"]
[Site "Ulaanbaatar"]
[Date "2019.04.12"]
[Round "6.14"]
[White "Chinguun, Sumiya"]
[Black "Surya, Wahyudi"]
[Result "1/2-1/2"]
[WhiteElo "2250"]
[BlackElo "2197"]
[Annotator "TA"]
[PlyCount "90"]
[EventDate "2019.04.07"]
[EventType "swiss"]
[EventRounds "9"]
[EventCountry "MGL"]
[SourceTitle "playchess.com"]
[Source "ChessBase"]
[SourceQuality "1"]

{[%evp 18,90,36,0,54,24,37,22,29,31,44,0,0,-22,-8,-62,-63,-71,-50,-49,-53,-79,-69,-98,-116,-97,-102,-124,-117,-166,-170,-199,-110,-108,-70,-104,0,0,0,-15,-10,-8,-9,-12,-14,-16,-13,-8,-16,-18,0,-13,0,0,10,9,9,-3,9,14,113,113,113,113,113,113,113,113,130,92,92,92,92,92,92]} 1. e4 c5 2. Nf3 Nc6 3. d4 cxd4 4. Nxd4 Qb6 5. Nb3 Nf6 6. Nc3 e6 7. Bd3 a6 8. O-O Be7 9. Qe2 {B33: Sicilian: Pelikan and Sveshnikov Variations} d6 10. Kh1 {LiveBook: 14 Games} (10. Be3 Qc7 11. f4 b5 12. a4 b4 13. Nb1 O-O 14. N1d2 a5 15. Kh1 Bb7 {0-1 (37) Kuipers,S (2470)-Korobov,A (2699) Wijk aan Zee 2019}) 10... h5 (10... O-O $11) 11. Bd2 $146 {White is slightly better.} ({Predecessor:} 11. f4 Ng4 12. Bd2 Bd7 13. Rae1 Nb4 14. e5 d5 15. Qf3 g6 16. Re2 Rc8 {1-0 (45) Du Plessis,H (2050)-Kitir,A (1866) Kocaeli 2013}) 11... Bd7 12. a4 {[%cal Ba2a4,Ba4a5][%mdl 32]} Ne5 13. a5 Qc7 14. Nd4 Rc8 15. Na4 Nc4 16. Bc3 (16. Nb6 $11 Nxb6 17. axb6 Qxb6 18. c3) 16... Nxa5 $15 17. Qe1 Nc6 18. Nxc6 $1 Qxc6 19. Bd4 e5 20. Be3 Nxe4 21. Nb6 Rd8 $1 22. Nxd7 Rxd7 (22... Kxd7 $6 23. f4 $11) 23. f4 h4 $1 24. Bd4 Nc5 ({But not} 24... exd4 25. Qxe4 Qxe4 26. Bxe4 $17) (24... d5 $1 $19 25. Bxe5 Ng3+ $1 {[%mdl 576] Double Attack} 26. Kg1 Qb6+ 27. Rf2 O-O 28. hxg3 hxg3) 25. Bxc5 $17 {Hoping for Bg1.} Qxc5 26. Ra5 b5 ({Black should try} 26... Qc6 $17 {And now ...h3 would win.} 27. Be4 d5) 27. Rxa6 O-O 28. fxe5 Qxe5 ({Reject} 28... dxe5 $6 29. Qe4 $16) 29. Rb6 Qxb2 30. Rxb5 Qd4 31. Rb4 Qe5 32. Re4 Qg5 33. Qe2 Bf6 34. Qf3 {Black must now prevent Rg4.} Bd8 35. Rf4 Ra7 36. Rf5 Qe7 $1 37. Qg4 g6 38. Bc4 $40 {[%mdl 128] White threatens Qxg6+ and mate. White has some attack.} Kh7 {[#]} (38... d5 $1 $11 {remains equal.} 39. Bxd5 Qd6) 39. Bxf7 $1 $16 {[%mdl 512] White is better.} Rxf7 ({Stronger than} 39... gxf5 40. Qg6+ Kh8 41. Qh6#) 40. Rxf7+ Qxf7 41. Rxf7+ Rxf7 {[%cal Rf7f1] KQ-KRB} 42. g3 hxg3 43. Qxg3 Be7 44. c4 Rf5 45. Qd3 Kg7 {Accuracy: White = 51%, Black = 50%.} 1/2-1/2

[Event "Asian Zonal 3.3 2019"]
[Site "Ulaanbaatar"]
[Date "2019.04.12"]
[Round "6.15"]
[White "Khuslen, Altan-Ochir"]
[Black "Dang, Hoang Son"]
[Result "1-0"]
[WhiteElo "1927"]
[BlackElo "2367"]
[Annotator "TA"]
[PlyCount "99"]
[EventDate "2019.04.07"]
[EventType "swiss"]
[EventRounds "9"]
[EventCountry "MGL"]
[SourceTitle "playchess.com"]
[Source "ChessBase"]
[SourceQuality "1"]

{[%evp 19,98,20,16,8,6,6,6,0,7,0,27,5,27,25,17,18,28,-1,14,4,46,4,19,-19,39,39,54,61,50,-22,2,-18,-18,-25,-18,-22,-22,-31,0,0,0,0,0,-14,0,0,0,-18,43,-19,114,119,202,211,202,162,214,191,1077,1068,1132,1065,1282,1282,1281,1266,1223,1223,1347,1341,1338,1279,29983,29984,29994,29995,29995,29996,29998,29999,29999]} 1. e4 c5 2. Nf3 Nc6 3. Bb5 Nf6 4. Bxc6 dxc6 5. d3 g6 6. O-O Bg7 7. Nc3 Qc7 8. h3 O-O 9. Be3 b6 10. Qd2 e5 11. Bh6 {B31: Sicilian: 2...Nc6 3 Bb5 g6} Nh5 12. Ne2 (12. Bxg7 Kxg7 13. Ne2 Kg8 14. a3 a5 15. b4 axb4 16. axb4 Rxa1 17. Rxa1 cxb4 18. Qxb4 Be6 19. Ra6 Rb8 20. Qa3 c5 {1-0 (74) Wang,H (2730)-Mamedov,R (2703) St Petersburg 2018}) 12... f6 13. Bxg7 {The position is equal.} Nxg7 14. Nh2 $146 ({Predecessor:} 14. a4 Ne6 15. a5 Bd7 16. Rfc1 Rfe8 17. Rd1 Rad8 18. axb6 axb6 19. c3 Re7 20. Qe3 Kg7 {½-½ (41) Lecha Gonzalez,J (2214)-Santamaria Perez,T (2364) ICCF email 2014}) 14... g5 15. Qe3 Be6 16. a4 a5 17. b3 Rad8 18. f3 Rd6 19. g4 Rfd8 20. Rfb1 (20. h4 $5) 20... Bc8 21. Nf1 Ba6 ({Black should try} 21... h5 $11) 22. Nfg3 $14 Ne6 23. Nf5 R6d7 24. Ra2 (24. h4 $14) 24... Nf4 25. Nxf4 exf4 26. Qf2 Qe5 27. Kg2 h5 28. Rd1 ({Reject} 28. gxh5 Rh7 $17) 28... h4 29. Raa1 Kf8 30. Rab1 Qc3 31. Qd2 Qe5 32. Qc1 Kf7 33. Qb2 Ke6 (33... Qxb2 $11 34. Rxb2 Rh8) 34. Kf2 (34. Qa2 $14 Qc3 35. Rf1) 34... Bc8 (34... Qxb2 $11 {keeps the balance.} 35. Rxb2 Bc8) 35. Qa2 $16 Qc3 (35... Kf7 $16 {keeps fighting.}) 36. b4+ $1 $18 c4 37. bxa5 bxa5 (37... Ke5 {was worth a try.}) 38. Rb6 Rc7 $2 {[#]} (38... Bb7 39. Kg2 Kf7) 39. d4 Kf7 40. Rd3 $1 Qxd3 41. cxd3 Bxf5 42. exf5 Rxd4 43. dxc4 Rcd7 44. c5+ Kg7 45. Rb2 Rd1 46. Qe6 {White mates.} Rc7 47. Rb8 Rf7 48. Qe8 {[%csl Gb8][%cal Re8h8]} Kh6 49. Qh8+ Rh7 50. Qxf6# {Accuracy: White = 40%, Black = 33%.} 1-0

[Event "Asian Zonal 3.3 2019"]
[Site "Ulaanbaatar"]
[Date "2019.04.12"]
[Round "6.16"]
[White "Batbold, Nyamsuren"]
[Black "Boldoo, Erdenepurev"]
[Result "1-0"]
[WhiteElo "1809"]
[BlackElo "2334"]
[Annotator "TA"]
[PlyCount "55"]
[EventDate "2019.04.07"]
[EventType "swiss"]
[EventRounds "9"]
[EventCountry "MGL"]
[SourceTitle "playchess.com"]
[Source "ChessBase"]
[SourceQuality "1"]

{[%evp 19,55,-29,-3,-25,-21,-42,0,0,0,0,0,0,0,0,0,0,4,0,0,0,0,0,0,0,96,0,176,197,219,226,180,178,360,363,1049,1051,29996,29997]} 1. d4 Nf6 2. c4 e6 3. Nf3 Bb4+ 4. Nbd2 d5 5. a3 Be7 6. e3 O-O 7. Bd3 b6 8. Qc2 Bb7 9. e4 dxe4 10. Nxe4 Nbd7 {[%cal Bb8d7,Bd7c5,Bc5b3][%mdl 32]} 11. O-O {E11: Bogo-Indian} c5 12. Rd1 Qc8 (12... Qc7 {is more complex.} 13. Bg5 cxd4 14. Bh4 e5 15. Nxf6+ Nxf6 16. Bxf6 Bxf6 17. Bxh7+ Kh8) 13. dxc5 $146 {The position is equal.} ({Predecessor:} 13. Be3 Rd8 14. Rd2 cxd4 15. Nxd4 Nxe4 16. Bxe4 Bxe4 17. Qxe4 Qxc4 18. Rc2 Qd5 19. Qxd5 exd5 {½-½ (50) Stefansson,H (2514)-Thorfinnsson,B (2395) Reykjavik 2017}) 13... Nxe4 14. Bxe4 Bxe4 15. Qxe4 Nxc5 16. Qc2 a5 {[%cal Ba7a5,Ba5a4][%mdl 32]} 17. b3 {[%cal Bb2b3,Bb3b4][%mdl 32]} Qc7 18. Bb2 a4 19. b4 Nb3 20. Rab1 Rfc8 21. Ne5 {[#] Black must now prevent Rd7.} Bd6 (21... Rd8 $11 {keeps the balance.}) 22. Nf3 (22. Rxd6 $16 Qxd6 23. Rd1) 22... Bf8 $2 (22... Be7 $11 {and Black is okay.}) 23. Ng5 $18 {[%csl Gg5][%cal Rc2h7]} g6 24. Qc3 $40 {[%csl Gb2][%cal Rc3h8][%mdl 128] Black is in trouble.} e5 25. Qh3 {[%csl Gg5][%cal Rh3h7]} ({Don't do} 25. Qxe5 $6 Qxe5 26. Bxe5 Be7 $14) 25... h6 $2 (25... h5 {keeps fighting.}) 26. Rd7 {[%mdl 64] [#] Double Attack} Qxc4 $2 (26... Qxd7 27. Qxd7 hxg5 28. Bxe5 Rxc4) 27. Nxf7 {[%mdl 64] Double Attack} Qc2 28. Nxh6+ {Accuracy: White = 75%, Black = 33%.} 1-0

[Event "Asian Zonal 3.3 2019"]
[Site "Ulaanbaatar"]
[Date "2019.04.12"]
[Round "6.17"]
[White "Anand, Batsukh"]
[Black "Khin, Than"]
[Result "1-0"]
[WhiteElo "1771"]
[BlackElo "2203"]
[Annotator "TA"]
[PlyCount "65"]
[EventDate "2019.04.07"]
[EventType "swiss"]
[EventRounds "9"]
[EventCountry "MGL"]
[SourceTitle "playchess.com"]
[Source "ChessBase"]
[SourceQuality "1"]

{[%evp 12,65,42,42,41,42,44,29,71,21,103,90,110,69,107,63,62,68,55,55,55,0,14,12,41,15,6,0,0,-61,25,5,63,39,24,-16,172,104,104,115,297,293,292,296,297,291,373,368,611,467,5058,5054,29979,29980,29997,29998]} 1. Nf3 b6 2. g3 Bb7 3. Bg2 e6 4. c4 f5 5. b3 Nf6 6. Bb2 Be7 7. O-O O-O {A17: English Opening: 1...Nf6 with ...Bb4} 8. Nc3 {[%cal Bb1c3,Bc3b5,Bb5d6][%mdl 32]} (8. d3 a5 9. Nc3 Na6 10. e4 fxe4 11. Ng5 Nc5 12. Ngxe4 Nfxe4 13. Nxe4 Nxe4 14. dxe4 a4 15. Qd2 Rf7 16. f4 Ra7 17. h4 Qa8 {½-½ (17) Antoniewski,R (2521)-Van Foreest,J (2638) Brest 2018}) 8... Qe8 9. d4 Qh5 {White has an edge.} 10. Rc1 g5 $146 (10... f4 $11 {keeps the balance.}) ({Predecessor:} 10... d6 11. Ne1 Ng4 12. h3 Bxg2 13. Kxg2 Nf6 14. Nd3 g5 15. e3 Qg6 16. a4 {0-1 (46) Gil,K-Bures,M (2205) Ostrava 2002}) 11. d5 $16 f4 12. Nb5 Na6 13. d6 cxd6 $1 14. Nxd6 Bc6 $1 15. Qd4 Rad8 16. Rfe1 (16. gxf4 $14 gxf4 17. Rcd1 (17. Qxf4 Ne4 $17)) 16... Nc5 17. b4 Nce4 18. Nxe4 Bxe4 19. a3 d6 20. Qc3 ({White should try} 20. c5 $11) 20... e5 (20... g4 $15) 21. c5 $1 $11 Rc8 (21... fxg3 $11 22. hxg3 bxc5) 22. Red1 {And now Qb3+ would win.} bxc5 {[#] White must now prevent ...c4.} 23. bxc5 {Hoping for Qc4+.} Kh8 $2 ({But not} 23... Rxc5 $6 24. Qb3+ d5 25. Qb7 $14) (23... g4 $11 24. Qb3+ d5 25. Nxe5 Rb8) 24. Qa5 (24. Qd2 $18 Rxc5 25. Rxc5 dxc5 26. Bxe5) 24... fxg3 $16 25. hxg3 Ng4 $2 (25... g4 $16 {was called for.}) 26. cxd6 $18 Rxc1 27. Rxc1 Bxd6 {next ...Bxf3 is good for Black.} 28. Qd2 ({Don't do} 28. Qxa7 $6 Qh6 $18) 28... Be7 29. Rc7 Bd8 $2 {[#]} (29... Rd8 30. Rd7 Rxd7 31. Qxd7 {[%mdl 64] Double Attack} Bf6) 30. Rc8 Bxf3 (30... Be7 $142) 31. exf3 Qh2+ 32. Kf1 Nxf2 33. Bxe5+ {Accuracy: White = 62%, Black = 29%.} 1-0

[Event "Asian Zonal 3.3 2019"]
[Site "Ulaanbaatar"]
[Date "2019.04.12"]
[Round "6.18"]
[White "Byambaa, Zulzaga"]
[Black "Altanbayar, Tserenpeljee"]
[Result "0-1"]
[WhiteElo "2168"]
[BlackElo "2060"]
[Annotator "TA"]
[PlyCount "102"]
[EventDate "2019.04.07"]
[EventType "swiss"]
[EventRounds "9"]
[EventCountry "MGL"]
[SourceTitle "playchess.com"]
[Source "ChessBase"]
[SourceQuality "1"]

{[%evp 13,102,-5,8,-10,29,0,0,-25,-15,-34,-19,-8,-15,-22,-9,-46,-47,-36,-8,-13,0,0,5,0,0,-10,-10,-77,-8,-8,-8,-41,-37,-45,-48,-56,-30,-62,-16,-33,-22,-180,-187,-187,-194,-194,-192,-186,-187,-179,-187,-266,-176,-169,-150,-150,-135,-139,-143,-158,-148,-296,-277,-208,-190,-331,-289,-563,-556,-551,-535,-532,-506,-495,-478,-526,-536,-682,-689,-721,-701,-959,-936,-1210,-1190,-2707,-1146,-1056,-916,-835,-795]} 1. e4 c5 2. Nf3 d6 3. d4 cxd4 4. Nxd4 Nf6 5. Nc3 a6 6. Bg5 e6 7. Qd2 Nbd7 8. a4 {B95: Sicilian Najdorf: 6 Bg5 e6, unusual White 7th moves} (8. f3 h6 9. Be3 h5 10. a4 Qc7 11. a5 Be7 12. Qf2 O-O 13. Nb3 Rb8 14. Ba7 Ra8 15. O-O-O Qc6 16. Nd4 {0-1 (28) Savchenko,B (2550)-Cheparinov,I (2693) Batumi 2018}) 8... b6 $146 ({Predecessor:} 8... h6 9. Be3 Ng4 10. Bc4 Nde5 11. Ba2 Nxe3 12. Qxe3 Qc7 13. O-O-O Bd7 14. f4 Nc4 15. Qd3 {0-1 (30) Chervonenkis,B (1869)-Volkov,S (2260) Minsk 2018}) 9. g3 Bb7 10. Bg2 {The position is equal.} Qc7 11. O-O Be7 (11... h6 $5 {[%cal Rh6g5]} 12. Bxf6 Nxf6 $11) 12. f4 h6 13. Bh4 Qc5 {[#] Hoping for ...e5.} 14. Bxf6 (14. Kh1 {seems wilder.} O-O 15. Rfe1 Rac8 16. Rad1 Rfe8 17. h3) 14... Bxf6 15. Nce2 Bxd4+ (15... O-O {is interesting.} 16. c3 Rac8 17. Qe3 Rfd8 18. Rfd1 Qc7) 16. Qxd4 Nf6 17. Qxc5 dxc5 18. Nc3 O-O-O 19. Rfd1 Ng4 20. Rd3 (20. Rxd8+ $11 {keeps the balance.} Rxd8 21. Re1) 20... c4 (20... Rxd3 $17 21. cxd3 Rd8) 21. Rxd8+ $11 Rxd8 22. Rd1 Ne3 $36 {[%mdl 2048] Black is pushing.} 23. Rxd8+ Kxd8 $15 {[%mdl 4096] Endgame KBN-KBN} 24. Bf1 Bc6 25. b3 b5 26. axb5 axb5 27. bxc4 $2 (27. Kf2 $11 {and White has nothing to worry.} Nxc2 28. bxc4) 27... b4 $19 ({Worse is} 27... Nxc4 28. Bxc4 bxc4 29. Kf2 $14) ({Stronger than} 27... bxc4 28. Be2 $11) 28. Na2 Nxc2 29. Bd3 b3 30. Nc3 Nb4 31. Bb1 Kc7 32. c5 (32. Kf2 $142) 32... Na6 33. Kf2 f6 34. Ke3 {intending Kd4.} e5 35. Kd3 Nxc5+ 36. Kc4 Kd6 37. f5 (37. fxe5+ $17 fxe5 38. Kb4) 37... Be8 38. Kb4 Kc6 39. g4 (39. Nd5 $142) 39... Bf7 40. Ne2 $2 (40. Ka5 {was forced.}) 40... Kb6 {Black is clearly winning.} 41. Nc1 Na6+ 42. Kc3 {[#]} Kc5 $1 43. Nd3+ Kb5 44. Nb2 Nc5 45. Nd1 Na4+ 46. Kd2 Kb4 47. h4 Bc4 48. Nf2 Nc3 49. Bd3 b2 (49... Bxd3 $142 50. Nxd3+ Kc4 51. Nb2+ Kd4) 50. Bc2 b1=Q 51. Bxb1 Nxb1+ {Accuracy: White = 33%, Black = 65%.} 0-1

[Event "Asian Zonal 3.3 2019"]
[Site "Ulaanbaatar"]
[Date "2019.04.12"]
[Round "6.19"]
[White "Amgalanbaatar, Ravdanlkhumbuu"]
[Black "Amilal, Munkhdalai"]
[Result "0-1"]
[WhiteElo "2081"]
[BlackElo "2042"]
[Annotator "NA RC"]
[PlyCount "64"]
[EventDate "2019.04.07"]
[EventType "swiss"]
[EventRounds "9"]
[EventCountry "MGL"]
[SourceTitle "playchess.com"]
[Source "ChessBase"]
[SourceQuality "1"]
[TimeControl "40/5400+30:1800+30"]

1. d3 d5 2. e4 dxe4 3. dxe4 Qxd1+ 4. Kxd1 e5 5. Be3 Nf6 6. f3 Nbd7 7. Bc4 Bc5 8. Ke2 Bxe3 9. Kxe3 Ke7 10. Nc3 c6 11. a4 a5 12. Nge2 Nc5 13. g4 Be6 14. Bxe6 Nxe6 15. h4 g6 16. g5 Nh5 17. Rhd1 h6 18. Rg1 hxg5 19. hxg5 Nhf4 20. Nxf4 exf4+ 21. Kf2 Rh2+ 22. Rg2 Rah8 23. Rag1 Nxg5 24. Rxh2 Rxh2+ 25. Rg2 Rxg2+ 26. Kxg2 Kd6 27. Ne2 Ke5 28. c3 Ne6 29. Nc1 Nc5 30. Kf2 Nxa4 31. Nd3+ Kd6 32. b3 Nxc3 0-1